000 00799 a2200181 4500
020 _a0245603476 (hardcover)
020 _a9780245603471 (hardcover)
090 _c4600
_d4600
100 1 _aAngere, Monika.
245 1 0 _aHarrap's five language business dictionary /
_cMonika Angere.
260 _a[S.l.] :
_bChambers,
_c1991.
300 _a448 p.
490 1 _aEnglish, french, german, italian and spanish edition.
520 _aA modern dictionary of the vocabulary needed in all areas of business and commerce. A single alphabetical listing of entries gives access to translations in four languages.
830 0 _aEnglish, french, german, italian and spanish edition.
856 4 0 _3Amazon.com
_uhttp://www.amazon.com/exec/obidos/ASIN/0245603476/chopaconline-20
942 _aNBS
_cBK
_k650.03 HAR
999 _c347041
_d347041